LEADER 01513nam0 2200337 i 450 001 SUN0007100 005 20070906120000.0 010 $a88-204-9716-6 020 $aIT$b97 2359 100 $a20020823d1996 |0itac50 ba 101 $aita 102 $aIT 105 $a|||| ||||| 200 1 $aContratti collettivi a confronto$eimpiego pubblico, industria, servizi$fa cura di Lorenzo Zoppoli 205 $aMilano : F. Angeli$b[1996] 210 $d471 p. ; 22 cm 215 $aIn appendice: Tabelle sinottiche comparative. 410 1$1001SUN0007179$12001 $aQuaderni Aran$v1$1210 $aMilano$cAngeli. 606 $aImpiegati pubblici$xContratti collettivi$2FI$3SUNC004222 620 $dMilano$3SUNL000284 676 $a344.45018904135$v21 702 1$aZoppoli$b, Lorenzo$3SUNV000999 712 $aAngeli$3SUNV000073$4650 801 $aIT$bSOL$c20181109$gRICA 912 $aSUN0007100 950 $aUFFICIO DI BIBLIOTECA DEL DIPARTIMENTO DI GIURISPRUDENZA$d00 CONS IX.Eam.13 $e00 12952 950 $aUFFICIO DI BIBLIOTECA DEL DIPARTIMENTO DI GIURISPRUDENZA$d00 CONS IX.Eao.5 $e00 18056 995 $aUFFICIO DI BIBLIOTECA DEL DIPARTIMENTO DI GIURISPRUDENZA$h12952$kCONS IX.Eam.13$op$qa 995 $aUFFICIO DI BIBLIOTECA DEL DIPARTIMENTO DI GIURISPRUDENZA$h18056$kCONS IX.Eao.5$op$qa 996 $aContratti collettivi a confronto$9690395 997 $aUNICAMPANIA LEADER 00986nam a2200253 a 4500 001 991003901539707536 008 020 $a9788874667055 035 $ab14406299-39ule_inst 040 $aDip.to di Storia, Società e Studi sull'Uomo$bita 082 0 $a612.63 100 1 $aSpandrio, Roberta 245 10$aFisiologia della nascita :$bdai prodromi al post partum /$cRoberta Spandrio, Anita Regalia, Giovanna Bestetti 260 $aRoma :$bCarocci Faber,$c2014 300 $a630 p. :$bill. ;$c22 cm 490 0 $aLe professioni sanitarie ;$v70 650 4$aParto 700 $aBestetti, Giovanna$eauthor$4http://id.loc.gov/vocabulary/relators/aut 700 1 $aRegalia, Anna 907 $a.b14406299$b09-12-20$c24-11-20 912 $a991003901539707536 945 $aLE023 612.63 SPA 1 1$g1$i2023000188279$lle023$op$pE59.00$q-$rl$s- $t0$u0$v0$w0$x0$y.i15943082$z03-12-20 997 $aUNISALENTO 998 $ale023$b24-11-20$cm$da $e-$fita$git $h0$i0